[Event "Winnipeg Yanofsky Memorial U1800"]
[Site "Winnipeg"]
[Date "2007.09.01"]
[Round "2"]
[White "Anderson, George"]
[Black "Green, Jim"]
[Result "1-0"]
[WhiteElo "1536"]
[BlackElo "1753"]
[PlyCount "93"]
[EventDate "2007.08.31"]
[EventType "swiss"]
[EventRounds "5"]
[EventCountry "CAN"]
[SourceTitle "EXT 2022"]
[Source "ChessBase"]
[SourceDate "2021.10.06"]
[SourceVersion "1"]
[SourceVersionDate "2021.10.06"]
[SourceQuality "1"]

1. e4 e5 2. Nf3 Nc6 3. d4 exd4 4. c3 dxc3 5. Bc4 c2 6. Qxc2 Bb4+ 7. Nc3 d6 8. Qb3 Bxc3+ 9. bxc3 Qe7 10. 0-0 Nf6 11. e5 Nxe5 12. Nxe5 dxe5 13. Be3 c5 14. Qb5+ Nd7 15. Bd5 a6 16. Qb3 Rb8 17. f4 0-0 18. fxe5 b5 19. e6 Nf6 20. exf7+ Kh8 21. c4 Nxd5 22. cxd5 Rxf7 23. Rxf7 Qxf7 24. Rf1 Qe7 25. Qb2 Rb7 26. d6 Qe8 27. Bxc5 Rf7 28. Bd4 Rxf1+ 29. Kxf1 Qf7+ 30. Qf2 Qxf2+ 31. Kxf2 Be6 32. a3 Kg8 33. Bb6 Kf7 34. Ke3 Ke8 35. Kd4 Kd7 36. Bc7 Kc6 37. Ke5 Bd7 38. Ba5 Kc5 39. h3 Kc4 40. g4 Kb3 41. Bb4 a5 42. Bxa5 Kxa3 43. Kd5 b4 44. Kc5 b3 45. Bc3 b2 46. Bxb2+ Kxb2 47. Kb6 1-0

[Event "Winnipeg GP final-D"]
[Site "Winnipeg"]
[Date "2006.12.05"]
[Round "5"]
[White "Anderson, George"]
[Black "Booth, Kevin"]
[Result "1-0"]
[WhiteElo "1464"]
[BlackElo "1570"]
[PlyCount "79"]
[EventDate "2006.11.07"]
[EventType "tourn"]
[EventRounds "6"]
[EventCountry "CAN"]
[SourceTitle "EXT 2019"]
[Source "ChessBase"]
[SourceDate "2018.10.10"]
[SourceVersion "1"]
[SourceVersionDate "2018.10.10"]
[SourceQuality "1"]

1. b4 e6 2. b5 d5 3. a4 a6 4. Bb2 axb5 5. axb5 Rxa1 6. Bxa1 Nf6 7. e3 c6 8. Nf3 Bd7 9. Nc3 Qa5 10. bxc6 Bxc6 11. Bd3 Nbd7 12. 0-0 Bd6 13. Nd4 0-0 14. Nxc6 bxc6 15. Ne2 c5 16. c4 Ra8 17. cxd5 Nxd5 18. Nc3 N7f6 19. Ne4 Be7 20. Bc3 Qa3 21. Qf3 Qb3 22. Nxf6+ Nxf6 23. Qxa8+ Bf8 24. Bxf6 gxf6 25. Qe4 f5 26. Bc2 Qb2 27. Qc4 Qe5 28. d4 cxd4 29. Qxd4 Qc7 30. Qd3 Bd6 31. h3 Be7 32. e4 Qe5 33. Qg3+ Qxg3 34. fxg3 fxe4 35. Bxe4 Bd6 36. g4 Kg7 37. Kf2 h6 38. Kf3 Be7 39. Rb1 Bg5 40. Rb7 1-0

[Event "Winnipeg GP final-D"]
[Site "Winnipeg"]
[Date "2006.11.14"]
[Round "2"]
[White "Booth, Kevin"]
[Black "Anderson, George"]
[Result "1/2-1/2"]
[WhiteElo "1570"]
[BlackElo "1464"]
[PlyCount "119"]
[EventDate "2006.11.07"]
[EventType "tourn"]
[EventRounds "6"]
[EventCountry "CAN"]
[SourceTitle "EXT 2019"]
[Source "ChessBase"]
[SourceDate "2018.10.10"]
[SourceVersion "1"]
[SourceVersionDate "2018.10.10"]
[SourceQuality "1"]

1. d4 e6 2. c4 Nf6 3. Nc3 g6 4. Bg5 Bg7 5. Nf3 d6 6. e3 b6 7. Be2 0-0 8. 0-0 Bb7 9. Nd2 Qd7 10. Bf3 Nc6 11. Bxf6 Bxf6 12. Qa4 Qe8 13. Nb5 Qd7 14. Rac1 a6 15. Nc3 Rab8 16. Nce4 Be7 17. d5 f5 18. Ng3 Ne5 19. Qxd7 Nxd7 20. dxe6 Bxf3 21. Nxf3 Nc5 22. Nd4 Bf6 23. Nge2 Rfe8 24. Nf4 Bxd4 25. exd4 Nxe6 26. Nxe6 Rxe6 27. Rfe1 Rbe8 28. Kf1 Kf7 29. Rxe6 Rxe6 30. Re1 c5 31. dxc5 bxc5 32. Rxe6 Kxe6 33. Ke2 a5 34. b3 g5 35. Ke3 h5 36. g3 d5 37. cxd5+ Kxd5 38. h4 f4+ 39. Kd3 fxg3 40. fxg3 g4 41. a3 Ke5 42. Kc4 Ke4 43. Kxc5 Kf3 44. b4 axb4 45. axb4 Kxg3 46. b5 Kxh4 47. b6 g3 48. b7 g2 49. b8Q g1Q+ 50. Kd5 Qd1+ 51. Ke4 Qg4+ 52. Kd5 Kh3 53. Qb1 Kh2 54. Qb8+ Qg3 55. Qh8 h4 56. Qh5 h3 57. Qd1 Qg2+ 58. Kc4 Qg1 59. Qe2+ Kh1 60. Qf3+ 1/2-1/2

[Event "Winnipeg ThankGibbons op-D"]
[Site "Winnipeg"]
[Date "2006.10.22"]
[Round "5"]
[White "Anderson, George"]
[Black "Gannon, Keith"]
[Result "0-1"]
[WhiteElo "1444"]
[BlackElo "1534"]
[PlyCount "90"]
[EventDate "2006.10.20"]
[EventType "swiss"]
[EventRounds "5"]
[EventCountry "CAN"]
[SourceTitle "EXT 2019"]
[Source "ChessBase"]
[SourceDate "2018.10.10"]
[SourceVersion "1"]
[SourceVersionDate "2018.10.10"]
[SourceQuality "1"]

1. e4 c5 2. Bc4 e6 3. Qf3 Nc6 4. Ne2 Ne5 5. Qc3 Nxc4 6. Qxc4 Nf6 7. e5 Nd5 8. Nbc3 Nxc3 9. Nxc3 Qg5 10. Qe4 a6 11. d4 Qd8 12. d5 exd5 13. Nxd5 Be7 14. Qg4 g6 15. 0-0 d6 16. Qg3 Bh4 17. Nf6+ Bxf6 18. exf6 Qxf6 19. Bg5 Qf5 20. Rfe1+ Be6 21. Bh6 0-0-0 22. Bf4 Qg4 23. Bxd6 Qxg3 24. Bxg3 Rd2 25. a3 Rxc2 26. Rec1 Rxc1+ 27. Rxc1 c4 28. b3 b5 29. a4 Rd8 30. axb5 axb5 31. bxc4 Bxc4 32. f3 h5 33. Bh4 Rd3 34. Kf2 Kd7 35. Bf6 Ke6 36. Bd8 Rxd8 37. Re1+ Kf6 38. g4 hxg4 39. fxg4 Rd2+ 40. Kg3 Kg7 41. h4 b4 42. Re4 Rc2 43. Re8 b3 44. Rb8 b2 45. Kf3 Ba2 0-1

[Event "Winnipeg ThankGibbons op-D"]
[Site "Winnipeg"]
[Date "2006.10.22"]
[Round "4"]
[White "De Groot, Steven"]
[Black "Anderson, George"]
[Result "1-0"]
[WhiteElo "1575"]
[BlackElo "1444"]
[PlyCount "81"]
[EventDate "2006.10.20"]
[EventType "swiss"]
[EventRounds "5"]
[EventCountry "CAN"]
[SourceTitle "EXT 2019"]
[Source "ChessBase"]
[SourceDate "2018.10.10"]
[SourceVersion "1"]
[SourceVersionDate "2018.10.10"]
[SourceQuality "1"]

1. e4 e5 2. Nf3 Nc6 3. Bb5 Qf6 4. d3 Bc5 5. 0-0 Nge7 6. Be3 d6 7. c3 Qg6 8. Kh1 f5 9. Nh4 Qf6 10. Nxf5 Nxf5 11. Bxc6+ bxc6 12. Bxc5 Nh4 13. Be3 0-0 14. Nd2 Ng6 15. d4 Ba6 16. dxe5 Nxe5 17. Qb3+ Kh8 18. c4 Bc8 19. Bd4 c5 20. f4 Qh6 21. fxe5 Rxf1+ 22. Rxf1 Be6 23. Be3 Qh5 24. Qb7 Rg8 25. Nf3 Bxc4 26. Re1 Bd3 27. Qd5 Ba6 28. Ng5 Rf8 29. exd6 h6 30. d7 hxg5 31. d8Q Rxd8 32. Qxd8+ Kh7 33. Qxg5 Qxg5 34. Bxg5 Bc4 35. b3 Be6 36. Rc1 c4 37. bxc4 Kg6 38. h4 Kf7 39. c5 Bxa2 40. Ra1 Bc4 41. Rxa7 1-0

[Event "Winnipeg ThankGibbons op-D"]
[Site "Winnipeg"]
[Date "2006.10.21"]
[Round "3"]
[White "Anderson, George"]
[Black "Green, Aaron"]
[Result "1-0"]
[WhiteElo "1444"]
[BlackElo "1359"]
[PlyCount "30"]
[EventDate "2006.10.20"]
[EventType "swiss"]
[EventRounds "5"]
[EventCountry "CAN"]
[SourceTitle "EXT 2019"]
[Source "ChessBase"]
[SourceDate "2018.10.10"]
[SourceVersion "1"]
[SourceVersionDate "2018.10.10"]
[SourceQuality "1"]

1. e4 c5 2. Qf3 e6 3. Nc3 Nc6 4. Qg3 a6 5. e5 d6 6. Nf3 Nh6 7. Bd3 b5 8. b3 Nb4 9. exd6 Qxd6 10. Qxd6 Bxd6 11. Be4 Rb8 12. a3 f5 13. axb4 cxb4 14. Bc6+ Ke7 15. Ne2 Rb6 1-0

[Event "Winnipeg ThankGibbons op-D"]
[Site "Winnipeg"]
[Date "2006.10.20"]
[Round "1"]
[White "Anderson, George"]
[Black "Crawford, Gary"]
[Result "1-0"]
[WhiteElo "1444"]
[BlackElo "1290"]
[PlyCount "71"]
[EventDate "2006.10.20"]
[EventType "swiss"]
[EventRounds "5"]
[EventCountry "CAN"]
[SourceTitle "EXT 2019"]
[Source "ChessBase"]
[SourceDate "2018.10.10"]
[SourceVersion "1"]
[SourceVersionDate "2018.10.10"]
[SourceQuality "1"]

1. e4 c6 2. Qf3 d5 3. Nc3 dxe4 4. Nxe4 Qd5 5. Ne2 Qf5 6. Nd4 Qxf3 7. Nxf3 Nd7 8. Bc4 b5 9. Bb3 Ngf6 10. Nfg5 e6 11. d3 Nxe4 12. Nxe4 Nc5 13. Be3 Nxb3 14. axb3 Be7 15. 0-0 0-0 16. Bxa7 f5 17. Bc5 Rxa1 18. Rxa1 Bxc5 19. Nxc5 Rd8 20. Ra8 Kf8 21. Nxe6+ Bxe6 22. Rxd8+ Ke7 23. Ra8 h5 24. f3 h4 25. Kf2 g5 26. Ke3 f4+ 27. Kd4 h3 28. gxh3 Bxh3 29. Ke4 Bg2 30. Kf5 Bxf3 31. Kxg5 c5 32. Ra7+ Kd6 33. Kxf4 Bd1 34. d4 c4 35. Ra6+ Kd7 36. Ke5 1-0

[Event "Winnipeg TNT October op"]
[Site "Winnipeg"]
[Date "2006.10.10"]
[Round "2"]
[White "Anderson, George"]
[Black "Gibson, Fred"]
[Result "1-0"]
[WhiteElo "1444"]
[BlackElo "1187"]
[PlyCount "62"]
[EventDate "2006.10.03"]
[EventType "swiss"]
[EventRounds "4"]
[EventCountry "CAN"]
[SourceTitle "EXT 2019"]
[Source "ChessBase"]
[SourceDate "2018.10.10"]
[SourceVersion "1"]
[SourceVersionDate "2018.10.10"]
[SourceQuality "1"]

1. e4 c5 2. a3 d6 3. b4 b6 4. b5 Nf6 5. Bc4 e6 6. d3 Be7 7. Qf3 0-0 8. e5 d5 9. exf6 Bxf6 10. Ra2 Bb7 11. Ne2 a6 12. a4 Ra7 13. Bb3 c4 14. Bb2 Bxb2 15. Rxb2 cxb3 16. Rxb3 Nd7 17. d4 Nf6 18. 0-0 Ne4 19. Nec3 Nd6 20. Nd2 Nc4 21. Qd3 Qc8 22. Rb4 a5 23. Rbb1 Ba8 24. Nxc4 Qxc4 25. Qxc4 dxc4 26. Rfe1 Rd7 27. Ne2 c3 28. Rb3 Rc8 29. f3 Bd5 30. Ra3 Rdc7 31. Nf4 e5 1-0

[Event "Yanofsky Memorial op"]
[Site "Winnipeg"]
[Date "2006.09.02"]
[Round "2"]
[White "Anderson, George"]
[Black "Tuason, Alfred"]
[Result "1/2-1/2"]
[WhiteElo "1471"]
[BlackElo "1370"]
[PlyCount "71"]
[EventDate "2006.09.01"]
[EventType "swiss"]
[EventRounds "5"]
[EventCountry "CAN"]
[SourceTitle "EXT 2007"]
[Source "ChessBase"]
[SourceDate "2006.11.23"]
[SourceVersion "1"]
[SourceVersionDate "2006.11.23"]
[SourceQuality "1"]

1. e4 e6 2. d4 d5 3. e5 a6 4. Nc3 c5 5. Nf3 Nc6 6. Be3 Bd7 7. dxc5 Nge7 8. Bd3 Ng6 9. Bxg6 fxg6 10. a3 Be7 11. b4 0-0 12. 0-0 Qc7 13. Bd4 Rf7 14. Qd3 Raf8 15. Rae1 Na7 16. a4 Nc6 17. b5 Nxd4 18. Nxd4 Bxc5 19. Re3 Rf4 20. Nde2 Bxe3 21. Qxe3 R4f5 22. f4 Qc4 23. Nd4 R5f7 24. g3 Rc8 25. Rf3 g5 26. f5 Rxf5 27. Nxf5 exf5 28. Qxg5 Qd4+ 29. Kg2 h6 30. Qe7 Rxc3 31. Rxc3 Qxc3 32. Qxd7 Qxe5 33. Qxb7 axb5 34. a5 Qe4+ 35. Kh3 Qg4+ 36. Kg2 1/2-1/2

[Event "Winnipeg TNT July op"]
[Site "Winnipeg"]
[Date "2006.07.18"]
[Round "3"]
[White "Anderson, George"]
[Black "Booth, Kevin"]
[Result "0-1"]
[WhiteElo "1501"]
[BlackElo "1585"]
[PlyCount "120"]
[EventDate "2006.07.04"]
[EventType "swiss"]
[EventRounds "4"]
[EventCountry "CAN"]
[SourceTitle "EXT 2007"]
[Source "ChessBase"]
[SourceDate "2006.11.23"]
[SourceVersion "1"]
[SourceVersionDate "2006.11.23"]
[SourceQuality "1"]

1. e4 e5 2. Nf3 Nc6 3. d4 exd4 4. c3 dxc3 5. Bc4 d6 6. Nxc3 Be7 7. Qb3 Be6 8. Qxb7 Bd7 9. Qb3 Na5 10. Bxf7+ Kf8 11. Qd5 c6 12. Qh5 Nf6 13. Qg5 Kxf7 14. e5 h6 15. Qf4 g5 16. Qe3 Nc4 17. Qd3 Nxe5 18. Nxe5+ dxe5 19. Qc4+ Be6 20. Qxc6 Qd6 21. Qf3 Bd5 22. Nxd5 Qxd5 23. Qb3 Qxb3 24. axb3 Bb4+ 25. Ke2 Rhd8 26. Rd1 Rxd1 27. Kxd1 Ne4 28. Be3 Nc5 29. h4 Nxb3 30. Ra6 Rd8+ 31. Ke2 Nd4+ 32. Bxd4 Rxd4 33. Rxh6 Rxh4 34. Ra6 Re4+ 35. Kd3 Rd4+ 36. Ke2 Rd2+ 37. Kf3 Rxb2 38. Rxa7+ Kf6 39. Ra6+ Kf7 40. Kg3 Be7 41. f3 Rb3 42. Kg4 Rb4+ 43. Kf5 Rf4+ 44. Kxe5 Bf6+ 45. Kd5 Rd4+ 46. Kc5 Rd2 47. g4 Rf2 48. Kd5 Rxf3 49. Ke4 Rf4+ 50. Ke3 Rxg4 51. Kf3 Rf4+ 52. Kg2 Kg6 53. Ra8 Kf5 54. Ra5+ Be5 55. Ra8 g4 56. Ra5 Rb4 57. Ra8 Rb2+ 58. Kh1 g3 59. Rf8+ Ke6 60. Re8+ Kf6 0-1

[Event "Winnipeg TNT July op"]
[Site "Winnipeg"]
[Date "2006.07.11"]
[Round "2"]
[White "Gibbons, Lorne"]
[Black "Anderson, George"]
[Result "1-0"]
[WhiteElo "1314"]
[BlackElo "1501"]
[PlyCount "109"]
[EventDate "2006.07.04"]
[EventType "swiss"]
[EventRounds "4"]
[EventCountry "CAN"]
[SourceTitle "EXT 2007"]
[Source "ChessBase"]
[SourceDate "2006.11.23"]
[SourceVersion "1"]
[SourceVersionDate "2006.11.23"]
[SourceQuality "1"]

1. d4 f5 2. c4 g6 3. Nf3 Nf6 4. Nc3 Bg7 5. Bf4 a6 6. e3 0-0 7. h3 Ne4 8. Nxe4 fxe4 9. Nd2 d5 10. cxd5 b5 11. Qb3 Bb7 12. d6+ Kh8 13. dxc7 Qd7 14. cxb8Q Raxb8 15. Bxb8 Rxb8 16. Be2 Rf8 17. Bg4 Qd8 18. Be6 Rf6 19. d5 Qf8 20. Nxe4 Rxe6 21. dxe6 Bxe4 22. f3 Bb7 23. 0-0 Qf5 24. Rf2 Bd5 25. Qd1 Bxe6 26. Qd8+ Bg8 27. Qxe7 Qd3 28. Qe4 Qd8 29. Rc2 Qa5 30. a3 Qd8 31. Rac1 Qd7 32. b4 Bf6 33. Rc7 Qd2 34. R7c2 Qd7 35. Kf1 Bc4+ 36. Rxc4 bxc4 37. Qxc4 Bb2 38. Qc8+ Qxc8 39. Rxc8+ Kg7 40. a4 Ba3 41. Rc6 Bxb4 42. Rxa6 h6 43. Rb6 Ba5 44. Rb5 Bd2 45. Ke2 Bc3 46. e4 g5 47. g4 Bd4 48. Kd3 Bg1 49. a5 Kg6 50. a6 h5 51. Rf5 hxg4 52. hxg4 Bf2 53. e5 Kh6 54. e6 Bc5 55. Rxc5 1-0

[Event "Winnipeg TNT June op"]
[Site "Winnipeg"]
[Date "2006.06.20"]
[Round "3"]
[White "Nguyen, Huy"]
[Black "Anderson, George"]
[Result "1-0"]
[WhiteElo "1638"]
[BlackElo "1509"]
[PlyCount "73"]
[EventDate "2006.06.06"]
[EventType "swiss"]
[EventRounds "4"]
[EventCountry "CAN"]
[SourceTitle "EXT 2007"]
[Source "ChessBase"]
[SourceDate "2006.11.23"]
[SourceVersion "1"]
[SourceVersionDate "2006.11.23"]
[SourceQuality "1"]

1. Nf3 e6 2. e4 d5 3. e5 Bd7 4. d4 c5 5. c3 Qb6 6. Be2 Nc6 7. 0-0 cxd4 8. cxd4 Rc8 9. Nc3 Nge7 10. Na4 Qc7 11. Bf4 Nf5 12. Rc1 Be7 13. g4 g5 14. Nxg5 Bxg5 15. Bxg5 Nfxd4 16. Bf6 Rg8 17. Bd3 h5 18. g5 Rxg5+ 19. Bxg5 Qxe5 20. Qxh5 Qxg5+ 21. Qxg5 Nf3+ 22. Kg2 Nxg5 23. h4 Ne4 24. Bxe4 dxe4 25. Nc5 f5 26. f4 b6 27. Nxd7 Kxd7 28. Rfd1+ Ke7 29. Rc3 Rd8 30. Rxd8 Nxd8 31. Rc7+ Kd6 32. Rxa7 e5 33. h5 exf4 34. h6 e3 35. h7 Ne6 36. h8Q Ng5 37. Qf6+ 1-0

[Event "Winnipeg TNT May op"]
[Site "Winnipeg"]
[Date "2006.05.09"]
[Round "2"]
[White "Anderson, George"]
[Black "Greenberg, Harley"]
[Result "0-1"]
[WhiteElo "1524"]
[BlackElo "1719"]
[PlyCount "34"]
[EventDate "2006.05.02"]
[EventType "swiss"]
[EventRounds "5"]
[EventCountry "CAN"]
[SourceTitle "EXT 2007"]
[Source "ChessBase"]
[SourceDate "2006.11.23"]
[SourceVersion "1"]
[SourceVersionDate "2006.11.23"]
[SourceQuality "1"]

1. a3 d5 2. b4 Nf6 3. e3 e5 4. Bb2 Bd6 5. c4 dxc4 6. Bxc4 0-0 7. h3 b6 8. Nc3 Bb7 9. Nf3 Nbd7 10. Qb3 a6 11. a4 b5 12. axb5 axb5 13. Nxb5 Rxa1+ 14. Bxa1 Qa8 15. Bb2 Bxf3 16. gxf3 Qxf3 17. Rh2 Nb6 0-1

[Event "Winnipeg TNT May op"]
[Site "Winnipeg"]
[Date "2006.05.02"]
[Round "1"]
[White "Anderson, George"]
[Black "Prince, Colin"]
[Result "1-0"]
[WhiteElo "1524"]
[BlackElo "1876"]
[PlyCount "89"]
[EventDate "2006.05.02"]
[EventType "swiss"]
[EventRounds "5"]
[EventCountry "CAN"]
[SourceTitle "EXT 2007"]
[Source "ChessBase"]
[SourceDate "2006.11.23"]
[SourceVersion "1"]
[SourceVersionDate "2006.11.23"]
[SourceQuality "1"]

1. a3 e5 2. b4 d5 3. Bb2 Bd6 4. Nf3 Nd7 5. e3 Ngf6 6. Bb5 c6 7. Ba4 0-0 8. 0-0 Re8 9. d3 Nf8 10. Nbd2 e4 11. Bxf6 Qxf6 12. dxe4 dxe4 13. Nd4 Qh4 14. g3 Qh3 15. f3 exf3 16. Qxf3 f6 17. Nxc6 Bd7 18. Bb3+ Kh8 19. Nd4 Be5 20. Rad1 Ng6 21. Nf5 Bc6 22. Bd5 h5 23. Bxc6 bxc6 24. Ne4 Rad8 25. Ned6 Bxd6 26. Nxd6 Ne5 27. Qf5 Ng4 28. Rf2 Nxf2 29. Qg6 Qg4 30. Nf7+ Kg8 31. Nh6+ Kh8 32. Nxg4 Nh3+ 33. Kg2 hxg4 34. Rxd8 Rxd8 35. Qxg4 Ng5 36. Qc4 Rd2+ 37. Kf1 Rxh2 38. Qxc6 Nh3 39. c4 Kh7 40. c5 f5 41. Qb7 Ng5 42. c6 Ne4 43. c7 Nd2+ 44. Ke1 Nf3+ 45. Qxf3 1-0

[Event "Winnipeg Mating Season op"]
[Site "Winnipeg"]
[Date "2006.04.22"]
[Round "3"]
[White "Anderson, George"]
[Black "Wasserman, Leor"]
[Result "0-1"]
[WhiteElo "1524"]
[BlackElo "1337"]
[PlyCount "91"]
[EventDate "2006.04.21"]
[EventType "swiss"]
[EventRounds "5"]
[EventCountry "CAN"]
[SourceTitle "EXT 2007"]
[Source "ChessBase"]
[SourceDate "2006.11.23"]
[SourceVersion "1"]
[SourceVersionDate "2006.11.23"]
[SourceQuality "1"]

1. e4 e5 2. Nf3 Nc6 3. d4 exd4 4. c3 dxc3 5. Bc4 Bb4 6. 0-0 Nge7 7. Nxc3 0-0 8. Qb3 Bxc3 9. Qxc3 d5 10. exd5 Nxd5 11. Bxd5 Qxd5 12. Be3 Bg4 13. Bf4 Rfc8 14. Ng5 Nd4 15. Kh1 Ne2 16. Qe5 Qxe5 17. Bxe5 f6 18. f3 Bf5 19. Rfe1 Bd3 20. Ne6 Re8 21. Nc5 Rxe5 22. Nxd3 Re7 23. Rad1 Rae8 24. Nc5 Ng3+ 25. hxg3 Rxe1+ 26. Rxe1 Rxe1+ 27. Kh2 Re2 28. b4 Rxa2 29. Nxb7 Rb2 30. Nc5 Rxb4 31. Na6 Rc4 32. g4 c6 33. Kg3 Rd4 34. Kf2 Rd8 35. Ke3 Kf7 36. g3 Ke6 37. f4 Kd5 38. Kd3 c5 39. Kc3 c4 40. Nc7+ Kc6 41. Ne6 Rd3+ 42. Kxc4 Rxg3 43. g5 h5 44. Nd4+ Kd7 45. Nf5 Rf3 46. Nxg7 0-1

[Event "Winnipeg Kent Oliver Memorial"]
[Site "Winnipeg"]
[Date "2006.01.21"]
[Round "2"]
[White "Bist, Kent"]
[Black "Anderson, George"]
[Result "1-0"]
[WhiteElo "1540"]
[BlackElo "1500"]
[PlyCount "60"]
[EventDate "2006.01.20"]
[EventType "swiss"]
[EventRounds "5"]
[EventCountry "CAN"]
[SourceTitle "EXT 2007"]
[Source "ChessBase"]
[SourceDate "2006.11.23"]
[SourceVersion "1"]
[SourceVersionDate "2006.11.23"]
[SourceQuality "1"]

1. c4 f5 2. Nc3 g6 3. d4 Bg7 4. b4 e5 5. e3 e4 6. Qb3 Nf6 7. Nge2 d6 8. Nf4 b6 9. Bb2 c5 10. d5 g5 11. Nfe2 a6 12. Ng3 0-0 13. Be2 g4 14. bxc5 bxc5 15. Na4 Nfd7 16. Bxg7 Kxg7 17. Nh5+ Kh6 18. Nf4 Qa5+ 19. Kd1 Qb4 20. h3 gxh3 21. Rxh3+ Kg7 22. Ne6+ Kf7 23. Nxf8 Nxf8 24. Qxb4 cxb4 25. Nb6 Bb7 26. Nxa8 Bxa8 27. Rh5 Nbd7 28. Rxf5+ Kg7 29. Kc2 a5 30. Rh1 Ng6 1-0

[Event "Yanofsky Memorial op"]
[Site "Winnipeg"]
[Date "2005.09.03"]
[Round "2"]
[White "Anderson, George"]
[Black "Kwiatek, Jordan"]
[Result "0-1"]
[WhiteElo "1486"]
[BlackElo "1724"]
[PlyCount "87"]
[EventDate "2005.09.03"]
[EventType "swiss"]
[EventRounds "6"]
[EventCountry "CAN"]
[SourceTitle "CBM 108 Extra"]
[Source "ChessBase"]
[SourceDate "2005.11.04"]
[SourceVersion "1"]
[SourceVersionDate "2005.11.04"]
[SourceQuality "1"]

1. e4 c5 2. b4 cxb4 3. Bb2 e6 4. Nf3 Nc6 5. d4 d5 6. e5 Be7 7. Bd3 f6 8. 0-0 Nh6 9. Bc1 Nf7 10. Nbd2 fxe5 11. dxe5 Ncxe5 12. Nxe5 Nxe5 13. Qh5+ Nf7 14. Bg6 hxg6 15. Qxg6 Qc7 16. Nf3 Bd6 17. h3 Qc3 18. Bg5 0-0 19. Rae1 Ne5 20. Nxe5 Bxe5 21. Re3 Qd4 22. Rfe1 Bf6 23. Rf3 Bxg5 24. Rxf8+ Kxf8 25. Qxg5 Qf6 26. Qg4 d4 27. Qh5 Ke7 28. Qc5+ Kf7 29. Qxb4 a5 30. Qd6 Kg8 31. Re4 Ra6 32. Qc7 Rc6 33. Qxa5 Rxc2 34. f3 d3 35. Qa4 Rc1+ 36. Kf2 d2 37. Qe8+ Qf8 38. Qh5 d1Q 39. Kg3 Qfd6+ 40. Rf4 Qxf4+ 41. Kxf4 Qd6+ 42. Kg4 e5+ 43. Kg3 e4+ 44. Kf2 0-1

[Event "Winnipeg TNT May op"]
[Site "Winnipeg"]
[Date "2005.05.17"]
[Round "3"]
[White "Anderson, George"]
[Black "Oberton, Daniel"]
[Result "1/2-1/2"]
[WhiteElo "1435"]
[BlackElo "1414"]
[PlyCount "74"]
[EventDate "2005.05.03"]
[EventType "swiss"]
[EventRounds "4"]
[EventCountry "CAN"]
[SourceTitle "EXT 2022"]
[Source "ChessBase"]
[SourceDate "2021.10.06"]
[SourceVersion "1"]
[SourceVersionDate "2021.10.06"]
[SourceQuality "1"]

1. b4 e5 2. Bb2 e4 3. b5 Nf6 4. c4 Bc5 5. e3 d6 6. a4 a6 7. Nc3 0-0 8. d3 Bf5 9. dxe4 Nxe4 10. Nxe4 Bxe4 11. Qb3 f6 12. Ne2 d5 13. Ng3 b6 14. cxd5 Bxd5 15. Bc4 Bxc4 16. Qxc4+ Kh8 17. 0-0 axb5 18. axb5 Rxa1 19. Bxa1 c6 20. bxc6 Nxc6 21. Qg4 Qc8 22. Qxc8 Rxc8 23. Ne4 Kg8 24. Nxc5 bxc5 25. g3 Nb4 26. Rc1 c4 27. f4 Kf7 28. Bd4 g6 29. Kf1 f5 30. Ke2 Ke6 31. Kd2 Kd5 32. Ra1 Rc7 33. Ra5+ Ke4 34. Ke2 Nd5 35. Ra4 Nb4 36. Ra5 Nd5 37. Ra6 Nc3+ 1/2-1/2

[Event "Winnipeg TNT Febr op"]
[Site "Winnipeg"]
[Date "2005.02.15"]
[Round "3"]
[White "Rumpel, Chris"]
[Black "Anderson, George"]
[Result "0-1"]
[WhiteElo "1416"]
[BlackElo "1394"]
[PlyCount "73"]
[EventDate "2005.02.01"]
[EventType "swiss"]
[EventRounds "4"]
[EventCountry "CAN"]
[SourceTitle "EXT 2006"]
[Source "ChessBase"]
[SourceDate "2005.11.24"]
[SourceVersion "1"]
[SourceVersionDate "2005.11.24"]
[SourceQuality "1"]

1. e4 e6 2. d4 d5 3. e5 Bd7 4. Nf3 c5 5. c3 Nc6 6. Bd3 Qb6 7. 0-0 Nge7 8. dxc5 Qxc5 9. Be3 Qa5 10. b4 Qc7 11. Bd4 Ng6 12. Qe1 Be7 13. a3 0-0 14. Nbd2 Nf4 15. Bc2 Nxd4 16. Nxd4 Qxc3 17. N2f3 Rac8 18. Qd1 f6 19. g3 Nh3+ 20. Kg2 Ng5 21. Nxg5 fxg5 22. Rc1 Qxa3 23. f4 gxf4 24. gxf4 Qxb4 25. Kh1 Rc4 26. Qh5 Rxc2 27. Nxc2 Qe4+ 28. Rf3 Bc6 29. Qg4 Rf5 30. Rg1 g6 31. Ne3 Qxf3+ 32. Qxf3 d4 33. Qxc6 bxc6 34. Nxf5 exf5 35. Kg2 Bb4 36. Kf3 d3 37. Ke3 0-1

[Event "Winnipeg Winter op"]
[Site "Winnipeg"]
[Date "2005.02.13"]
[Round "5"]
[White "Reimer, Bruce"]
[Black "Anderson, George"]
[Result "1-0"]
[WhiteElo "1357"]
[BlackElo "1394"]
[PlyCount "61"]
[EventDate "2005.02.11"]
[EventType "swiss"]
[EventRounds "5"]
[EventCountry "CAN"]
[SourceTitle "EXT 2006"]
[Source "ChessBase"]
[SourceDate "2005.11.24"]
[SourceVersion "1"]
[SourceVersionDate "2005.11.24"]
[SourceQuality "1"]

1. c4 e6 2. g3 Nf6 3. Bg2 Bc5 4. Nc3 Nc6 5. e3 0-0 6. Nge2 Qe8 7. 0-0 Bb6 8. d4 a6 9. a3 d6 10. b4 e5 11. d5 Ne7 12. Ne4 Nxe4 13. Bxe4 Bh3 14. Re1 f5 15. Bh1 Qg6 16. Bg2 Bg4 17. Qc2 Rf6 18. c5 dxc5 19. bxc5 Ba7 20. Bb2 Qh5 21. Bxe5 Rh6 22. h4 c6 23. dxc6 bxc6 24. Qc4+ Kh8 25. Nf4 Qe8 26. Ne6 Rg6 27. Nc7 Qc8 28. Nxa8 Qxa8 29. Qxa6 Nd5 30. Rab1 Re6 31. Rb8+ 1-0

[Event "Winnipeg Winter op"]
[Site "Winnipeg"]
[Date "2005.02.12"]
[Round "2"]
[White "Gibbons, Lorne"]
[Black "Anderson, George"]
[Result "0-1"]
[WhiteElo "1302"]
[BlackElo "1394"]
[PlyCount "20"]
[EventDate "2005.02.11"]
[EventType "swiss"]
[EventRounds "5"]
[EventCountry "CAN"]
[SourceTitle "EXT 2006"]
[Source "ChessBase"]
[SourceDate "2005.11.24"]
[SourceVersion "1"]
[SourceVersionDate "2005.11.24"]
[SourceQuality "1"]

1. d4 e6 2. c4 c5 3. Nc3 Nf6 4. Bf4 cxd4 5. Na4 Nc6 6. Nf3 d5 7. Nxd4 Qa5+ 8. Nc3 Bb4 9. Qb3 Nxd4 10. Qa4+ Qxa4 0-1

[Event "Winnipeg Kent Oliver Memorial"]
[Site "Winnipeg"]
[Date "2005.01.23"]
[Round "4"]
[White "Anderson, George"]
[Black "Gustafson, Dale L"]
[Result "0-1"]
[WhiteElo "1357"]
[BlackElo "1815"]
[PlyCount "61"]
[EventDate "2005.01.21"]
[EventType "swiss"]
[EventRounds "5"]
[EventCountry "CAN"]
[SourceTitle "EXT 2006"]
[Source "ChessBase"]
[SourceDate "2005.11.24"]
[SourceVersion "1"]
[SourceVersionDate "2005.11.24"]
[SourceQuality "1"]

1. e4 d5 2. exd5 Qxd5 3. Nf3 Nf6 4. Nc3 Qa5 5. Bc4 c6 6. a3 Bg4 7. b4 Qc7 8. 0-0 e6 9. h3 Bh5 10. Re1 Bd6 11. Bb2 Nbd7 12. Ne4 Nxe4 13. Rxe4 Nf6 14. Bxf6 gxf6 15. Rh4 Bg6 16. c3 f5 17. Qb3 Be7 18. Rd4 e5 19. Rh4 e4 20. Re1 b5 21. Bf1 0-0 22. Rh6 exf3 23. h4 Kg7 24. h5 Kxh6 25. hxg6 hxg6 26. c4 Kg7 27. Qxf3 bxc4 28. Bxc4 Bf6 29. d3 Rae8 30. Rc1 Qd6 31. g4 0-1